L'Artisanat du metal a Alep : heritage et posterite /

محفوظ في:

المؤلف الرئيسي: Chanesaz, Moheb (مؤلف)

التنسيق: كتاب

اللغة: French

سلاسل: Contemporain publications ; 45.

الموضوعات:

الوسوم: إضافة وسم

لا توجد وسوم, كن أول من يضع وسما على هذه التسجيلة!

رقم الطلب: NK720 . C21

LEADER 01074namaa2200289 4500
003 OSt
005 20200322145720.0
008 130303s2018 fr a g b 001 0 fre d
952 |0 0  |1 0  |2 lcc  |4 0  |6 NK0720 C21  |7 1  |9 24853  |a ARCE  |b ARCE  |d 2022-01-25  |l 0  |o NK720 . C21  |p 1021159  |r 2022-01-25 00:00:00  |w 2022-01-25  |y BK 
999 |c 667  |d 667 
020 |a 9782351597262 
040 |c ARCE Library 
043 |a a-sy--- 
050 0 4 |a NK720 .  |b C21 
100 1 |a Chanesaz, Moheb,  |e author  |9 27903 
245 1 2 |a L'Artisanat du metal a Alep :  |b heritage et posterite /  |c Chanesaz Moheb. 
264 1 |a Paris :  |b UNESCO :  |b Presses de l'IFPO  |c 2018. 
300 |a 206 pages :  |b illustrations color ;  |c 28 cm. 
490 1 |a Contemporain publications ;  |v 45 
504 |a Includes bibliographical references (pages 189-191) and index. 
650 0 |a Copperwork  |z Syria  |z Aleppo  |x History. 
650 0 |a Metal-work  |z Syria  |z Aleppo  |x History. 
830 0 |a Contemporain publications ;  |v 45. 
942 |c BK  |2 lcc 
336 |a text  |b txt  |2 rdacontent 
337 |2 rdamedia  |a unmediated  |b n 
338 |a volume  |b nc  |2 rdacarrier